MDQL
is popping MORE tags! Check the
thread
!
Quizzes
Events
Quiz Creation
Community
Videos
Private Events
Remove Ads
Sign In
Join for FREE
Feedback
Dark Mode
Quiz Categories
Sports
Geography
Music
Movies
Television
Just For Fun
Miscellaneous
History
Literature
Language
Science
Gaming
Entertainment
Religion
Holiday
For Kids
Quiz Lab
Recent
Popular Today
Quiz Kudos Today
Editor Picks
Curator Picks
Quizzes by...
Day
Popularity
Type
Ratings
Length
Year
Community
Subscriptions
Recent Discussions
Orange Saloon
Badges
Playlists
Quests
Create
Leaderboards
Showdown
Live 5
Trivia Bingo
Activity
Puzzle Library
Sporcle Events
Private Events
Virtual Trivia
Globe League
Become a Host
Pub Owners
SporcleCon
Opinionation
Our Games
Videos
Blog
Mobile Apps
Partnerships
Remove Ads and Go Orange
Feedback
Sports
Athletes
MLB
NBA
NHL
NFL
Soccer
Sports Teams
WWE
NCAA
Football
Premier League
Basketball
Baseball
Hockey
Golf
Tennis
Cricket
Rugby
Auto Racing
Olympics
World Cup
Sports
Athletes
MLB
NBA
NHL
NFL
Soccer
Sports Teams
WWE
NCAA
Football
Premier League
Basketball
Baseball
Hockey
Golf
Tennis
Cricket
Rugby
Auto Racing
Olympics
World Cup
Random Quiz
Search Sporcle
×
Quiz Lab
Quiz Lab
Sports
2000s
Type in answers that appear in a list
Type in answers that appear in a list
Classic
Best Score? Go Orange.
St Helens Super League 2000-Present Stats
Can you name the St Helens Super LEague 2000-Present?
By
Deano09
15m
121 Questions
337 Plays
337 Plays
337 Plays
Comments
Comments
Give Quiz Kudos
Give Quiz Kudos
-
- Ratings
hide this ad
More Info
Replay
Link that replays current quiz
Next Quiz
Link to next quiz in quiz playlist
You Got
0%
They Got
Avg Score
40%
Avg Friend Score
Upgrade to see
Score Distribution
Jump to the score distribution portion of the page
Score
0/121
Timer
15:00
0
Plays Today
Year Of Debut
Player
% Correct
1997
Sean Long
95.5%
1998
Paul Wellens
94.7%
2004
James Roby
91.7%
1993
Kieran Cunningham
90.8%
2004
Michael Roby
89.9%
2002
Jon Wilkin
86.1%
1997
Paul Sculthorpe
84.6%
1998
Chris Smith
83.1%
2005
Jamie Lyon
83.1%
2003
Darren Smith
82.8%
2006
Matty Smith
82.5%
1992
Chris Joynt
82.5%
2009
Jonny Lomax
82.5%
1992
Tommy Martyn
80.7%
2001
Ade Gardner
78%
2011
Tom Makinson
78%
2006
Francis Meli
77.7%
2004
Phil Anderson
77.2%
2005
John 'Paul' Anderson
77.2%
2005
Vinnie Anderson
77.2%
2003
James Graham
75.1%
2002
Darren Albert
73.3%
2003
Stuart Jones
71.2%
1995
Paul Newlove
70.9%
2003
Willie Talau
70%
2006
Leon Pryce
70%
2003
Lee Gilmour
67.1%
1991
Anthony Sullivan
66.8%
2007
Matt Gidley
66.2%
2010
Jamie Foster
64.1%
2004
Nick Fozzard
63.5%
2000
Dwayne West
61.7%
1999
Kevin Iro
61.4%
2010
Iosia Soliola
60.8%
2007
Kyle Eastmond
59.9%
1999
Steve Hall
59.6%
1991
Sonny Nickle
59.3%
1998
Tim Jonkers
56.4%
2011
Josh Perry
55.5%
2011
Louie McCarthy-Scarsbrook
54.6%
2000
Apollo Perelini
54.3%
Year Of Debut
Player
% Correct
2011
Michael Shenton
52.5%
2000
John Stankevitch
52.2%
1999
Sean Hoppe
51%
2003
Maurie Fa'asavalu
50.7%
2007
Chris Flannery
50.7%
2002
Barry Ward
50.4%
1997
Paul Atcheson
50.1%
1999
Fereti Tuilagi
49.9%
2000
Mike Bennett
49.6%
2012
Lance Hohaia
49.6%
2006
Jason Cayless
49.3%
2003
Jason Hooper
48.1%
2006
Steve Tyrer
47.8%
2001
Martin Gleeson
47.2%
2004
Scott Moore
45.7%
1995
Vila Matautia
45.1%
2003
Ian Hardman
44.5%
2001
Mickey Higham
44.2%
2009
Tony Puletua
44.2%
2008
Gary Wheeler
43%
2012
Mark Flanagan
42.1%
1997
Anthony Stewart
40.4%
2003
Keith Mason
39.2%
2008
Sam Thompson
37.7%
2007
Bryn Hargreaves
36.5%
1997
Scott Barrow
35.6%
2001
Peter Shiels
35.6%
2012
Anthony Laffranchi
35.3%
1997
Julian O'Neill
34.4%
2008
Andrew Dixon
34.4%
1999
Mark Edmondson
34.1%
2009
Paul Johnson
31.2%
2007
Chris Dean
28.8%
2004
Paul Clough
28.5%
2006
Ian Webster
28.5%
2008
Gareth Frodsham
27%
2009
Tom Armstrong
25.8%
2004
Ricky Bibey
25.2%
2002
Darren Britt
22.3%
2008
Jamie Ellis
22%
2009
Matty Ashurst
21.1%
Year Of Debut
Player
% Correct
2011
Nathan Ashe
21.1%
2003
John Hill
17.8%
2002
John Simms
17.2%
2008
Sean Magennis
14.5%
2004
Dom Feaunati
13.6%
2006
Steve Bannister
12.8%
2006
Neil Rigby
11.9%
2000
Bryan Henare
11.3%
2008
Jacob Emmitt
11.3%
2006
Paul Leyland
11%
2001
John Kirkpatrick
9.2%
2004
Peter Cook
8.3%
2004
Carl Forber
8%
1991
Thomas Hodgkinson
7.7%
2001
David Farleigh
7.4%
2001
Stephen Myler
7.4%
2004
Gray Viane
7.4%
2006
Craig Littler
7.4%
1999
Darrell Trindall
6.8%
2001
Wayne McDonald
6.5%
2011
Scott Hale
5.9%
2002
Paul Southern
4.2%
2001
Heath Cruckshank
3.3%
2001
Leon Felton
3.3%
2002
Chris Giles
2.7%
2006
Dean McGilvray
2.7%
1998
Shane Boyd
2.4%
2001
Iain Marsh
2.4%
2003
Steven Rowlands
2.4%
2004
Andy Bracek
2.4%
2006
Greg Langley
2.4%
2002
Steve Maden
1.8%
2002
Chris Maye
1.5%
2001
Radney Bowker
1.2%
2001
David McConnell
0.9%
2006
Craig Ashall
0.9%
2001
John Braddish
0.6%
2004
Ian Kenny
0.6%
2001
Mark McCulley
0.3%
Quiz Playlist
Details
Report
Send in Message
Add To Playlist
More Info:
Name the St Helens players who played from 2000-Present!!!
Classic:
Type in answers that appear in a list
Last Updated: Feb 16, 2017
Quiz Scoreboard
CHALLENGE
Sign Up to Join the Scoreboard
Show All
Scores
Hide
Comments
May contain spoilers
Recently Published
5x2 Blitz: Bands
by SL_Kpop136
Music
30s
Colored Red Africa Blitz
by spor1
Geography
30s
Find the 'City' Movie
by crazypaving
Movies
60s
More to Explore
Quiz From the Vault
Featured Blog Post
14 Easter Pick-up Lines to Find Eggs With
hide this ad
You Might Also Like...
Tags
2000s
debut
helen
League
Player
St Helens
Today's Top Quizzes in Sports
Browse Sports
hide this ad
Today's Top Quizzes in 2000s
Browse 2000s
Top Contributed Quizzes in Sports
1
Les meilleurs buteurs des matchs entre le PSG et l’OM
2
Les entraîneurs de l'OM et du PSG au 21e siècle
3
Les joueurs passés par le PSG et l'OM
4
2022 World Cup Stars
5
Players with Multiple 50 Home Run Seasons
6
Criteria MLB: Left Handed Sluggers
7
MLB Players with Two .350 Batting Average Seasons
8
Les joueurs passés par le LOSC et le RC Lens
9
NBA Logic Puzzle 2.0
10
Top 10 NHL Goal Scorers of All Time
Explore More
Trending Topics
Disney
Anime
Kpop
Harry Potter
Crossword
NBA
Marvel
The Office
Song
Country
Soccer
WWE
Puzzle
NFL
Pokémon
hide this ad
More By:
Deano09
Quiz
Plays
Rating
Category
Featured
Created
Premier League Double Letter Surnames
3,644
3.91
Sports
Mar 2, 2012
Hull FC Super League
653
4.00
Sports
Mar 7, 2012
Wigan Warriors Players 2000-2011
578
5.00
Sports
Mar 6, 2012
Leeds Rhinos Super League 2000-Present
497
Sports
Apr 3, 2012
Man Utd Premier League Scorers
468
1.00
Sports
Mar 12, 2012
Go to Creator's Profile
Score Distribution
Quiz Creator Spotlight
Deano09
Follow
Send a Message
Quizzes Created
-
Created Quiz Play Count
-
More By This Creator
Popular Quizzes Today
1
Colored Red Africa Blitz
2
Find the US States - No Outlines Minefield
3
Find the 'City' Movie
4
5x2 Blitz: Bands
5
The Countries of the World
6
Find the US States
7
US States
8
Find the Countries of Europe - No Outlines Minefield
More Sports Quizzes
Click the NCAA Aggies
Curator's Pick
Trending Quizzes
Colored Red Europe Blitz I
Colored Red Europe Blitz II
Colored Red Africa Blitz II
Colored Red Europe Blitz III
Colored Red Africa Blitz III
Recently Updated
How Do You Spell That?
pecheneg
Godzilla Movies
pecheneg
Grab Bag: 4-10 Letters
pecheneg
2024 March Madness Bracket
pecheneg
Famous TV Couples
Peacemaker
Champions League XIs: Real Madrid
pecheneg
Largest US Cities 1790-2010
pecheneg
Rides in Walt Disney World
pecheneg
Most Oscar Losses (Acting)
pecheneg
Beyoncé Albums
pecheneg
Trending Topics
Marvel
NBA
Anime
Disney
Kpop
Harry Potter
Crossword
WWE
Song
NFL
Puzzle
Soccer
The Office
Pokémon
Country
Your Account Isn't Verified!
In order to create a playlist on Sporcle, you need to verify the email address you used during registration. Go to your
Sporcle Settings
to finish the process.
Report this User
Report this user for behavior that violates our
Community Guidelines
.
Details:
Send Report
Go to the Sporcle.com Mobile Site →
Comments